[Event "SVK-chT4 A21 1617"]
[Site "Slovakia"]
[Date "2017.01.15"]
[Round "7.4"]
[White "Kastler, Peter"]
[Black "Barcaj, Jaroslav"]
[Result "1-0"]
[WhiteElo "1752"]
[BlackElo "1665"]
[PlyCount "78"]
[EventDate "2016.10.09"]
[EventType "team-tourn"]
[EventRounds "11"]
[EventCountry "SVK"]
[SourceTitle "EXT 2018"]
[Source "ChessBase"]
[SourceDate "2017.10.13"]
[SourceVersion "1"]
[SourceVersionDate "2017.10.13"]
[SourceQuality "1"]
[WhiteTeam "Gbely Nafta II"]
[BlackTeam "Senica II"]
[WhiteTeamCountry "SVK"]
[BlackTeamCountry "SVK"]

1. d4 e6 2. c4 b6 3. Nc3 Nf6 4. Nf3 Bb7 5. e3 Ne4 6. Nxe4 Bxe4 7. Be2 Nc6 8. 0-0 Nb4 9. Bd2 Nd3 10. Bc3 Nb4 11. a3 Na6 12. Rc1 c5 13. d5 Qc7 14. dxe6 dxe6 15. Qa4+ Bc6 16. Qxa6 Bd6 17. b4 Rd8 18. b5 Be4 19. Qa4 0-0 20. h3 f6 21. Rfd1 e5 22. Rd2 Rf7 23. Rcd1 Rfd7 24. Ne1 g5 25. Bf3 Bg6 26. Bc6 Re7 27. e4 h5 28. Nc2 Rh7 29. Ne3 Kg7 30. Nf5+ Bxf5 31. exf5 h4 32. Qc2 Rhh8 33. Rd5 Kh6 34. R1d2 Qe7 35. Qd1 Bc7 36. Rxd8 Rxd8 37. Rxd8 Bxd8 38. Qd7 Kh5 39. Qe8+ Kh6 1-0

[Event "SVK-chT4 A21 1516"]
[Site "Slovakia"]
[Date "2015.10.18"]
[Round "2.4"]
[White "Baumgartner, Milan"]
[Black "Barcaj, Jaroslav"]
[Result "0-1"]
[WhiteElo "1563"]
[BlackElo "1620"]
[PlyCount "52"]
[EventDate "2015.10.04"]
[EventType "team-tourn"]
[EventRounds "11"]
[EventCountry "SVK"]
[SourceTitle "CBM 170 Extra"]
[Source "ChessBase"]
[SourceDate "2016.02.25"]
[SourceVersion "1"]
[SourceVersionDate "2016.02.25"]
[SourceQuality "1"]
[WhiteTeam "Skalica III"]
[BlackTeam "Senica SK II"]
[WhiteTeamCountry "SVK"]
[BlackTeamCountry "SVK"]

1. a3 Nf6 2. d4 d5 3. Bg5 Ne4 4. Bh4 g5 5. Bg3 Bg7 6. f3 Nxg3 7. hxg3 Nc6 8. e3 Qd6 9. Kf2 e5 10. Bb5 Bd7 11. Bxc6 Bxc6 12. Ne2 f5 13. Nbc3 0-0-0 14. b4 a6 15. Rb1 b5 16. a4 Rde8 17. axb5 axb5 18. dxe5 Qxe5 19. Qd3 f4 20. Nxb5 Bxb5 21. Qxb5 Qxe3+ 22. Kf1 Re6 23. gxf4 gxf4 24. Rb3 Qd2 25. Rd3 Qxe2+ 26. Kg1 Qe1+ 0-1

[Event "SVK-chT4A21 1415"]
[Site "Slovakia"]
[Date "2015.02.01"]
[Round "8.5"]
[White "Barcaj, Jaroslav"]
[Black "Slaba, Andrea"]
[Result "1/2-1/2"]
[WhiteElo "1600"]
[BlackElo "1467"]
[PlyCount "152"]
[EventDate "2014.10.12"]
[EventType "team-tourn"]
[EventRounds "11"]
[EventCountry "SVK"]
[SourceTitle "EXT 2022"]
[Source "ChessBase"]
[SourceDate "2021.10.06"]
[SourceVersion "1"]
[SourceVersionDate "2021.10.06"]
[SourceQuality "1"]
[WhiteTeam "Senica Dragon II"]
[BlackTeam "Piestany Kupele II"]
[WhiteTeamCountry "SVK"]
[BlackTeamCountry "SVK"]

1. e4 e6 2. d4 d5 3. e5 c5 4. c3 Nc6 5. Nf3 cxd4 6. cxd4 Nge7 7. Na3 Nf5 8. Nc2 Qb6 9. a3 Bd7 10. Be2 Rc8 11. 0-0 Na5 12. b4 Nc4 13. Bf4 g6 14. Ne3 Nfxe3 15. fxe3 Bg7 16. Qb3 a5 17. Rac1 a4 18. Qd3 Qa6 19. Rc3 b5 20. Rfc1 0-0 21. e4 Bc6 22. exd5 Bxd5 23. Ng5 f6 24. Nf3 f5 25. Nd2 Rc6 26. Qh3 Rfc8 27. Nxc4 Bxc4 28. Bf3 R6c7 29. Kh1 Rd8 30. Be3 Rf7 31. Qh4 Rff8 32. Bg5 Rd7 33. Rd1 Qb6 34. Be7 Rc8 35. Bc5 Qc7 36. Qg5 Kf7 37. Rd2 h6 38. Qe3 Kg8 39. Be2 Bxe2 40. Qxe2 Qb7 41. Rcd3 Rd5 42. h3 Bf8 43. Rg3 Kh7 44. Rc2 Bg7 45. Rgc3 Rdd8 46. Bd6 Rxc3 47. Rxc3 Qd5 48. Qe3 Qe4 49. Qxe4 fxe4 50. Re3 Rc8 51. Bc5 Rc7 52. Rxe4 Rf7 53. Kg1 h5 54. Re1 Bh6 55. g3 Rf3 56. Kg2 Rxa3 57. d5 Ra2+ 58. Kf1 Kg7 59. dxe6 Rd2 60. Re2 Rxe2 61. Kxe2 a3 62. Bd4 Bc1 63. Kd3 Kf8 64. Kc2 Bh6 65. Kb3 Ke7 66. Kxa3 Kxe6 67. Kb3 Bg7 68. Kc3 Bxe5 69. g4 hxg4 70. hxg4 g5 71. Kd3 Bd6 72. Bc3 Kd5 73. Bf6 Bf4 74. Bc3 Bd6 75. Bf6 Bxb4 76. Bxg5 Ke6 1/2-1/2

[Event "SVK-chT4A21 1415"]
[Site "Slovakia"]
[Date "2014.12.07"]
[Round "5.4"]
[White "Barcaj, Jaroslav"]
[Black "Harasta, Marian"]
[Result "1-0"]
[WhiteElo "1600"]
[BlackElo "1600"]
[PlyCount "31"]
[EventDate "2014.10.12"]
[EventType "team-tourn"]
[EventRounds "11"]
[EventCountry "SVK"]
[SourceTitle "EXT 2022"]
[Source "ChessBase"]
[SourceDate "2021.10.06"]
[SourceVersion "1"]
[SourceVersionDate "2021.10.06"]
[SourceQuality "1"]
[WhiteTeam "Senica Dragon II"]
[BlackTeam "Skalica III"]
[WhiteTeamCountry "SVK"]
[BlackTeamCountry "SVK"]

1. e4 c5 2. Nf3 d5 3. exd5 Qxd5 4. Nc3 Qe6+ 5. Be2 Nf6 6. 0-0 Nc6 7. Re1 Nd4 8. Bb5+ Nxb5 9. Rxe6 Nxc3 10. Rxe7+ Bxe7 11. dxc3 Bg4 12. Qe2 Bxf3 13. Qxf3 Rd8 14. Bg5 h6 15. Bxf6 Bxf6 16. Re1+ 1-0

[Event "SVK-chT4A21 1314"]
[Site "Slovakia"]
[Date "2013.10.06"]
[Round "1.5"]
[White "Slaba, Andrea"]
[Black "Barcaj, Jaroslav"]
[Result "0-1"]
[WhiteElo "1294"]
[BlackElo "1591"]
[PlyCount "54"]
[EventDate "2013.10.06"]
[EventType "team-tourn"]
[EventRounds "11"]
[EventCountry "SVK"]
[SourceTitle "EXT 2022"]
[Source "ChessBase"]
[SourceDate "2021.10.06"]
[SourceVersion "1"]
[SourceVersionDate "2021.10.06"]
[SourceQuality "1"]
[WhiteTeam "Chtelnica Kamenar"]
[BlackTeam "Senica Dragon"]
[WhiteTeamCountry "SVK"]
[BlackTeamCountry "SVK"]

1. c4 e6 2. Nc3 Nf6 3. d3 Be7 4. Nf3 b6 5. g3 Bb7 6. Bg2 0-0 7. 0-0 d6 8. Bf4 Nbd7 9. b4 c5 10. b5 Nh5 11. Bc1 f5 12. Nd2 Bxg2 13. Kxg2 Qe8 14. e3 Qg6 15. Qf3 Ne5 16. Qe2 f4 17. Kh1 f3 18. Qd1 Qg4 19. Qc2 Qh3 20. Rg1 Rf6 21. Nde4 Rh6 22. Nd2 Nf4 23. Nf1 Nfxd3 24. e4 Nxc1 25. Rxc1 Ng4 26. Nd1 Qxh2+ 27. Nxh2 Rxh2# 0-1

[Event "SVK-chT4A21 1213"]
[Site "Slovakia"]
[Date "2013.02.17"]
[Round "9.5"]
[White "Sprusansky, Ferdinand"]
[Black "Barcaj, Jaroslav"]
[Result "0-1"]
[WhiteElo "1430"]
[BlackElo "1586"]
[PlyCount "104"]
[EventDate "2012.10.14"]
[EventType "team-tourn"]
[EventRounds "11"]
[EventCountry "SVK"]
[SourceTitle "EXT 2022"]
[Source "ChessBase"]
[SourceDate "2021.10.06"]
[SourceVersion "1"]
[SourceVersionDate "2021.10.06"]
[SourceQuality "1"]
[WhiteTeam "Kopcany"]
[BlackTeam "Senica Dragon"]
[WhiteTeamCountry "SVK"]
[BlackTeamCountry "SVK"]

1. e4 c5 2. Nf3 e6 3. Nc3 Nf6 4. d4 cxd4 5. Nxd4 a6 6. a3 d6 7. Bg5 Be7 8. Be2 b5 9. b4 Qc7 10. Qd2 Bb7 11. Bf3 Nbd7 12. 0-0 Rc8 13. Bxf6 Nxf6 14. e5 dxe5 15. Bxb7 exd4 16. Bxc8 dxc3 17. Qg5 Qxc8 18. Qxg7 Rg8 19. Qh6 Qc6 20. g3 Qe4 21. Rac1 Rg6 22. Qh3 Nd5 23. Rfe1 Nf4 24. Qf1 Qc6 25. Rcd1 Bg5 26. Rd4 Nd5 27. Qh3 h6 28. Qg2 Kf8 29. Qf3 Qb6 30. Rxd5 exd5 31. Qxd5 Re6 32. Qa8+ Qd8 33. Qxd8+ Bxd8 34. Rd1 Bg5 35. Kf1 Bd2 36. Ra1 a5 37. bxa5 Ra6 38. Ke2 Ke7 39. f3 Rxa5 40. Kd3 Kd6 41. Kd4 Ra4+ 42. Kd3 Kd5 43. Rb1 Kc5 44. Rb3 f5 45. h3 h5 46. g4 hxg4 47. hxg4 fxg4 48. fxg4 Rxg4 49. Ke2 Ra4 50. Kd3 Rd4+ 51. Ke2 Re4+ 52. Kd3 Re3# 0-1